Score 0/22 Timer 03:00
0 Plays Today
Clue 4-Letter Word % Correct
'Little Red Riding ___'HOOD
96.5%
✎ One of the original 64 Crayola crayon colors ✎ BLUE
93.4%
Home for chickensCOOP
90.1%
HS Basketball documentary '___ Dreams'HOOP
86.3%
Opposite of falseTRUE
83.2%
AdhesiveGLUE
82.9%
The sound of a hoof on pavementCLOP
80.7%
Nelson, double choke, or arm hook sleeper, e.g.HOLD
74.2%
One end of a power cordPLUG
73.4%
Shel Silverstein's 'The Giving ___'TREE
70.9%
A rundown, crowded urban areaSLUM
70.2%
Clue 4-Letter Word % Correct
Something moving too fast to seeBLUR
69.8%
✎ One of the original 64 Crayola crayon colors ✎ PLUM
67%
A monster that lives in the dark (like in Zork)GRUE
64.9%
An insulting or disparaging remarkSLUR
64.3%
✎ One of the original 64 Crayola crayon colors ✎ GOLD
63.6%
A gurgling sound from pouringGLUG
52.5%
Dreary or gloomyGLUM
49.5%
Unattractive semi-liquid foodGLOP
47.6%
✎ One of the original 64 Crayola crayon colors ✎ GREY
36%
Grab a hold of, with 'on to'GLOM
35.8%
Card higher than a deuceTREY
32.5%

Today's Daily Dose

Remove Ads.
Support Sporcle.
Get the best of Sporcle when you Go Orange. This ad-free experience offers more features, more stats, and more fun while also helping to support Sporcle. Thank you for becoming a member.

You're not logged in!

Compare scores with friends on all Sporcle quizzes.
OR
Log In

Show Comments

Extras

Top Quizzes Today


Score Distribution

Your Account Isn't Verified!

In order to create a playlist on Sporcle, you need to verify the email address you used during registration. Go to your Sporcle Settings to finish the process.

Report this User

Report this user for behavior that violates our Community Guidelines.

Details: